First and Last 25 Countries Alphabetically in Finnish - Statistics

General Stats
  • This quiz has been taken 635 times
  • The average score is 27 of 50
Answer Stats
Answer % Correct
Albania
Albania
84%
Armenia
Armenia
75%
Andorra
Andorra
74%
Australia
Australia
74%
Azerbaidžan
Azerbaijan
71%
Alankomaat
Netherlands
70%
Zimbabwe
Zimbabwe
70%
Algeria
Algeria
69%
Belgia
Belgium
67%
Afganistan
Afghanistan
66%
Yhdysvallat
United States
66%
Argentiina
Argentina
63%
Angola
Angola
62%
Venäjä
Russia
62%
Antigua ja Barbuda
Antigua and Barbuda
61%
Bhutan
Bhutan
60%
Benin
Benin
58%
Bahrain
Bahrain
56%
Brunei
Brunei
56%
Vietnam
Vietnam
56%
Yhdistynyt kuningaskunta
United Kingdom
56%
Bahama
Bahamas
55%
Venezuela
Venezuela
55%
Barbados
Barbados
53%
Bangladesh
Bangladesh
52%
Bolivia
Bolivia
52%
Brasilia
Brazil
52%
Vanuatu
Vanuatu
52%
Botswana
Botswana
51%
Uzbekistan
Uzbekistan
50%
Belize
Belize
49%
Uruguay
Uruguay
49%
Bulgaria
Bulgaria
48%
Viro
Estonia
48%
Uganda
Uganda
47%
Valko-Venäjä
Belarus
47%
Tuvalu
Tuvalu
46%
Bosnia ja Hertsegovina
Bosnia and Herzegovina
45%
Turkki
Turkey
45%
Turkmenistan
Turkmenistan
45%
Uusi-Seelanti
New Zealand
45%
Unkari
Hungary
43%
Vatikaanivaltio
Vatican City
39%
Tunisia
Tunisia
38%
Ukraina
Ukraine
38%
Yhdistyneet arabiemiirikunnat
United Arab Emirates
38%
Tonga
Tonga
37%
Trinidad ja Tobago
Trinidad and Tobago
32%
Tšad
Chad
25%
Tšekki
Czech Republic
22%
No matching quizzes found
Score Distribution
Percent of People with Each Score
Percentile by Number Answered
Your Score History
You have not taken this quiz